|
|
|
|
| LEADER |
00000nam a2200000 a 4500 |
| 001 |
vtls001356180 |
| 003 |
SK-MaSNL |
| 005 |
20260301010523.0 |
| 008 |
240314s1964 xx 0 und |
| 035 |
|
|
|a SNK000309652
|
| 040 |
|
|
|a SNK
|b slo
|c SNK
|e AACR2
|
| 100 |
1 |
|
|a Straka, J.
|4 aut
|9 292459
|
| 245 |
1 |
0 |
|a Bibliografie československého knihovnictví. 1962-1963
|
| 260 |
|
|
|a Praha
|b Státní knihovna ČSSR
|c 1964
|
| 300 |
|
|
|a 132 s.
|
| 958 |
|
|
|a OND
|
| 999 |
|
|
|c 548337
|d 550267
|
| 952 |
|
|
|t P60, <04>, [BOOK], {604}
|a SNK
|b SNK
|y VYP
|7 0
|p 17A0182977
|o snkIC 16393/1964/4
|0 0
|1 0
|4 0
|d 1999-02-25
|l 0
|r 2005-01-02 00:00:00
|w 2026-02-23
|